000 00719nam a22002177a 4500
003 koha_MIRAKIL
005 20251210105406.0
008 251210b eng||||| |||| 00| 0 eng d
020 _a9780590465717
040 _aTR-IsEVY
_btur
_cTR-IsEVY
082 _a420 TAR/F
100 _aTarcov, Edith H.
245 4 _aThe frog Prince /
_cEdith H. Tarcow ; illustrated by James Marshall.
260 _aNew York :
_bScholastic,
_c2003.
300 _a32 p. :
_bcolour pictures. ;
_c23 cm.
490 0 _aScholastic Reader Level ; 3.
650 _aEnglish Language.
_vEnglish Readers.
_xReading Books.
650 _aİngiliz Dili.
_vİngilizce Okuma Kitapları.
700 1 _aTarcov, Edith H.
_cillustrated.
942 _2ddc
_cBK
999 _c23047
_d23047